000 00771nam a22002297c 4500
001 000030326
003 RuMoIPM
005 20260416113643.0
008 241202b1975 ru ||||| |||| 00| 0 rus d
035 _a(RuMoBEN) 002289867
040 _aRuMoBEN
_brus
_ercr
041 _arus
044 _aru
080 _a51(07)
100 _aКудрявцев, Всеволод Александрович
245 _aКраткий курс высшей математики
_b[учебное пособие]
_cВ. А. Кудрявцев, Б. П. Демидович
250 _a4-е изд, перераб. и доп.
260 _aМосква
_bНаука
_c1975
300 _a624 с.
_bил.
700 1 _aДемидович, Борис Павлович
942 _cBK
999 _c30326
_d30326